000 00303cam a22001217a 4500
008 180718b1952 xxu||||| |||| 00| 0 eng d
082 _aT4125 Ei68
100 _aEinzig, Paul
245 _aInflation
_cby Paul Einzig
260 _aLondon
_bChatto and Windus
_c1952
300 _a222p.
650 _aInflation
999 _c434502
_d434502